00817cam a2200205 a 450000100100000000500170001000800410002704000250006808200250009310000360011824501040015425000110025826000330026930000210030249000480032365000420037183000550041395201280046899900150059600000274120260429135247.0810304s1967 ag 001 0 spa  aDO-SdBNPbspacBNPHU aA860.09bC346a, 19671 aCastagnino, Raúl Hector9863213aEl analísis literario :bintroducción a una estilística integral /cRaúl Hector Castagnino. a5a ed. aBuenos Aires :bNova,c1967. a341 p. ;c20 cm.1 aBiblioteca Arte y Ciencia de la Expresión 0aLiteraturaxHistoria y crítica9835 0aBiblioteca Arte y Ciencia de la Expresión.98633 001052708MOaGRbGRcCTd2009-07-03iLF1l0oA860.09 C346a, 1967p2741-10r2020-06-25w2020-06-25y2ZPréstamo interno c2575d2575